History Quiz

Random History or Football Quiz

US Secretaries of the Navy Quiz Stats

 Plays Quiz not verified by Sporcle

Challenge
Share
Tweet
Embed
Score 0/75 Timer 15:00
0 Plays Today
Term Secretary of the Navy % Correct
1944-1947 (Franklin Roosevelt/H. Truman)James Forrestal
71.8%
1940-1944 (Franklin Roosevelt)Frank Knox
66.7%
1929-1933 (Herbert Hoover)Charles Adams III
53.8%
1987-1988 (Ronald Reagan)James Webb
51.3%
1801-1809 (Thomas Jefferson)Robert Smith
46.2%
1813-1814 (James Madison)William Jones
43.6%
1861-1869 (Abraham Lincoln/A. Johnson)Gideon Welles
43.6%
1972-1974 (Richard Nixon)John Warner
38.5%
1913-1921 (Woodrow Wilson)Josephus Daniels
35.9%
1969-1972 (Richard Nixon)John Chafee
33.3%
1940 (Franklin Roosevelt)Charles Edison
30.8%
1953-1954 (Dwight Eisenhower)Robert Anderson
30.8%
1852-1853 (Millard Fillmore)John Kennedy
28.2%
1957-1959 (Dwight Eisenhower)Thomas Gates
28.2%
1905-1906 (Theodore Roosevelt)Charles Bonaparte
25.6%
2009- (Barack Obama)Ray Mabus
25.6%
1841-1843 (John Tyler)Abel Upshur
23.1%
1897-1902 (William McKinley/T. Roosevelt)John Long
23.1%
1981-1987 (Ronald Reagan)John Lehman
23.1%
1809-1813 (James Madison)Paul Hamilton
20.5%
1798-1801 (John Adams)Benjamin Stoddert
17.9%
1819-1823 (James Monroe)Smith Thompson
17.9%
1831-1834 (Andrew Jackson)Levi Woodbury
17.9%
1877-1880 (Rutherford Hayes)Richard Thompson
17.9%
1902-1904 (Theodore Roosevelt)William Moody
17.9%
1961 (John F. Kennedy)John Connally
17.9%
1844-1845 (John Tyler) [First Term]John Mason
15.4%
1846-1849 (James Polk) [Second Term]John Mason
15.4%
1850-1852 (Millard Fillmore)William Graham
15.4%
1838-1841 (Martin Van Buren)James Paulding
12.8%
1843-1844 (John Tyler)David Henshaw
12.8%
1853-1857 (Franklin Pierce)James Dobbin
12.8%
1857-1861 (James Buchanan)Isaac Toucey
12.8%
1869-1877 (Ulysses Grant)George Robeson
12.8%
1881 (Rutherford Hayes)Nathan Goff
12.8%
1882-1885 (Chester Arthur)William Chandler
12.8%
1885-1889 (Grover Cleveland)William Whitney
12.8%
1893-1897 (Grover Cleveland)Hilary Herbert
12.8%
Term Secretary of the Navy % Correct
1933-1939 (Franklin Roosevelt)Claude Swanson
12.8%
1947-1949 (Harry Truman)John Sullivan
12.8%
1963-1967 (Lyndon Johnson)Paul Nitze
12.8%
1988-1989 (Ronald Reagan)William Ball
12.8%
2001-2003 (George W. Bush) [First Term]Gordon England
12.8%
2003-2006 (George W. Bush) [Second]Gordon England
12.8%
2006-2009 (George W. Bush)Donald Winter
12.8%
1815-1818 (James Madison/James Monroe)Benjamin Crowninshield
10.3%
1823-1829 (James Monroe/John Q. Adams)Samuel Southard
10.3%
1834-1838 (Andrew Jackson/M. Van Buren)Mahlon Dickerson
10.3%
1869 (Ulysses Grant)Adolph Borie
10.3%
1881-1882 (James Garfield/C. Arthur)William Hunt
10.3%
1889-1893 (Benjamin Harrison)Benjamin Tracy
10.3%
1904-1905 (Theodore Roosevelt)Paul Morton
10.3%
1908-1909 (Theodore Roosevelt)Truman Newberry
10.3%
1921-1924 (Warren Harding/C. Coolidge)Edwin Denby
10.3%
1949-1951 (Harry Truman)Francis Matthews
10.3%
1954-1957 (Dwight Eisenhower)Charles Thomas
10.3%
1967-1969 (Lyndon Johnson)Paul Ignatius
10.3%
1974-1977 (Richard Nixon/Gerald Ford)William Middendorf
10.3%
1977-1979 (Jimmy Carter)Graham Claytor
10.3%
1979-1981 (Jimmy Carter)Edward Hidalgo
10.3%
1989-1992 (George H.W. Bush)Henry Garrett
10.3%
1992-1993 (George H.W. Bush)Sean O'Keefe
10.3%
1993-1998 (Bill Clinton)John Dalton
10.3%
1998-2001 (Bill Clinton)Richard Danzig
10.3%
1829-1831 (Andrew Jackson)John Branch
7.7%
1841 (William H. Harrison/John Tyler)George Badger
7.7%
1844 (John Tyler)Thomas Gilmer
7.7%
1845-1846 (James Polk)George Bancroft
7.7%
1849-1850 (Zachary Taylor)William Preston
7.7%
1906-1908 (Theodore Roosevelt)Victor Metcalf
7.7%
1909-1913 (William Howard Taft)George von L. Meyer
7.7%
1924-1929 (Calvin Coolidge)Curtis Wilbur
7.7%
1951-1953 (Harry Truman)Dan Kimball
7.7%
1959-1961 (Dwight Eisenhower)William Franke
7.7%
1962-1963 (John F. Kennedy)Fred Korth
7.7%

You're not logged in!

Compare scores with friends on all Sporcle quizzes.
OR
Log In

You Might Also Like...

Show Comments

Extras

Top Quizzes Today


Score Distribution

Your Account Isn't Verified!

In order to create a playlist on Sporcle, you need to verify the email address you used during registration. Go to your Sporcle Settings to finish the process.

Report this User

Report this user for behavior that violates our Community Guidelines.

Details: